| 000 | 00502nam a2200205Ia 4500 | ||
|---|---|---|---|
| 003 | OSt | ||
| 005 | 20140312144901.0 | ||
| 008 | 140130s9999 xx 000 0 und d | ||
| 020 | _a9780439095105 | ||
| 050 |
_aPZ 7 _b.G174St 1999 |
||
| 100 | _aGardiner, John Reynolds | ||
| 245 |
_cJohn Reynolds Gardiner. _aStone fox / |
||
| 260 |
_bScholastic, _c1999. _aNew York : |
||
| 300 |
_a81 p. : _bill. ; _c18 cm. |
||
| 440 | _v1 | ||
| 521 | _aG3 | ||
| 526 | _c550 | ||
| 942 |
_cBK _2lcc |
||
| 999 |
_c40640 _d40640 |
||